000 00611nam a2200205 4500
003 LK-CoMWRAF
005 20231201105550.0
008 230905b1994 |||||||| |||| 00| 0 eng d
020 _a955201218x
040 _aLK-CoMWRAF
_dLK-CoMWRAF
_eLK-CoMWRAF
041 _asin
082 _a891.483
_bDIS
245 _aතෙරණි ගී
246 _aTherani Gee
260 _aකොළඹ :
_bඇස්. ගොඩගේ සහෝදරයෝ,
_c1994
300 _aපිටු 215
650 _aසිංහල නවකතා
700 _aදිසානායක, කුසුම්
_etrans.
942 _cBK
999 _c3408
_d3408